Normal view
MARC view
Entry Personal Name
001 - CONTROL NUMBER
- control field: 1058887
003 - CONTROL NUMBER IDENTIFIER
- control field: OSt
005 - DATE AND TIME OF LATEST TRANSACTION
- control field: 20260121170026.0
008 - FIXED-LENGTH DATA ELEMENTS
- fixed length control field: 260121|| aca||aabn | a|a d
040 ## - CATALOGING SOURCE
- Original cataloging agency: OSt
- Transcribing agency: OSt
100 ## - HEADING--PERSONAL NAME
- Personal name: Kyung-Il Chang, Chang-Ik Zhang, Chul Park, Dong-Jin Kang, Se-Jong Ju, Sang-Hoon Lee, Mark Wimbush
670 ## - SOURCE DATA FOUND
- Source citation: Work cat.: (OSt)1624616: Kyung-Il Chang, Chang-Ik Zhang, Chul Park, Dong-Jin Kang, Se-Jong Ju, Sang-Hoon Lee, Mark Wimbush, Oceanography of the East Sea (Japan Sea)
